000 00785nam a2200253Ia 4500
003 OSt
005 20220926014054.0
006 a|||||r|||| 00| 0
007 ta
008 220923b |||||||| |||| 00| 0 eng d
020 _a9780765016883
_c3893.2199999999998
037 _b642, 26/03/2009, Bharatiya Sahitya Bhavana
_cGeneral Book
040 _aRTL
_cRTL
_beng
041 _2eng
_aeng
082 _aX:8, P8
100 _aUngson Gerardo R
_9310014
245 0 _aGlobal strategic management
260 _aNew York
_bM E Sharpe
_c2008
300 _axvi, 579p
_ccm.
650 _aSociology
700 _a Wong Yim-Yu
_9310015
942 _hX:8, P8
_cGB
_2CC
999 _c627690
_d627690